000 00841nam a2200277 a 4500
999 _c8488
_d8488
001 8488
003 BD-JhCC
005 20180225175112.0
008 180225s1956 enka 001 0 eng d
035 _aocm00716463
035 _a(BD-JhCC)8488
035 _a160308
040 _aHEI
_cHEI
_dUKM
_dCUD
041 _aeng
082 _a028.5
_bLIN 1956
090 _aZ1037
_b.L717 1956
100 1 _aLines, Kathleen.
245 1 0 _aFour to fourteen;
_ba library of books for children.
_cCompiled by Kathleen M. Lines. Introd. by Walter de la Mare.
250 _a2d ed.
260 _aCambridge [Eng.]
_bPublished for the National Book League at the University Press,
_c1956.
300 _axii, 351 p.
_billus.
_c19 cm.
504 _aIncludes Index
650 0 _aChildren's literature
_xBibliography.
942 _2ddc
_cBK